000
00293pam a2200145 a 4500
020
_c
041
_h
082
_b
162
100
_a
R. Hicks/ F. Schultz.
245
_a
Porliting Night Shots
250
_a
1997.
260
_a
Pune:
_b
Rptovision .
300
_a
Paperback.
930
_a
161
999
_c
233951
_d
233951